[Event "ESP-ch U14 rapid"]
[Site "Salobrena"]
[Date "2024.07.21"]
[Round "5"]
[White "Jimenez Carrazoni, Marta Elena"]
[Black "Garcia Amelibia, Emilio"]
[Result "1-0"]
[WhiteElo "1884"]
[BlackElo "1782"]
[PlyCount "187"]
[EventDate "2024.07.20"]
[EventType "swiss (rapid)"]
[EventRounds "9"]
[EventCountry "ESP"]
[SourceTitle "CBM 221 Extra"]
[Source "ChessBase"]
[SourceDate "2024.09.30"]
[SourceVersion "1"]
[SourceVersionDate "2024.09.30"]
[SourceQuality "1"]

1. d4 Nf6 2. c4 d6 3. Nc3 e5 4. dxe5 dxe5 5. Qxd8+ Kxd8 6. Bg5 Be6 7. e4 c6 8. Nf3 Nbd7 9. Rd1 Kc7 10. Bd3 Bb4 11. Bd2 Rhd8 12. a3 Bd6 13. b4 a5 14. c5 Be7 15. 0-0 axb4 16. axb4 Nxc5 17. bxc5 Rxd3 18. Nxe5 Rxc3 19. Bxc3 Nxe4 20. Bb4 Bxc5 21. Bxc5 Nxc5 22. f4 Bd5 23. Rc1 Nb3 24. Rc3 Ra2 25. Rf2 Ra1+ 26. Rf1 Ra2 27. Rf2 Nd2 28. Rc1 Ne4 29. Rxa2 Bxa2 30. Rd1 Bd5 31. Nd3 b5 32. Nb4 Be6 33. Re1 Nd6 34. Ra1 c5 35. Ra7+ Nb7 36. Nd3 Kb6 37. Ra1 b4 38. Rc1 Kb5 39. Kf2 c4 40. Ne5 b3 41. Ke3 Nd6 42. Kd4 Nf5+ 43. Kc3 Ne3 44. Re1 Nd5+ 45. Kb2 Nxf4 46. g3 Nd5 47. Rc1 Nb6 48. Ka3 f6 49. Nf3 Nd5 50. Nd4+ Kc5 51. Nxe6+ Kb5 52. Nd4+ Kc5 53. Nxb3+ Kb5 54. Nd4+ Kc5 55. Ne6+ Kb5 56. Nxg7 c3 57. Kb3 Kc5 58. Rxc3+ Kd4 59. Rc1 Ke5 60. Re1+ Kd6 61. Nf5+ Kd7 62. Rd1 Ke6 63. Ng7+ Ke5 64. Rxd5+ Kxd5 65. Nf5 Ke5 66. Nh4 Ke4 67. Kc3 f5 68. Ng2 Kf3 69. Nf4 Kg4 70. Kd3 h5 71. Ke3 h4 72. gxh4 Kxh4 73. Kf3 Kg5 74. Ng2 Kf6 75. Kf4 Kg6 76. Ne3 Kh5 77. Nxf5 Kg6 78. Kg4 Kh7 79. Kh5 Kg8 80. Kg6 Kh8 81. h4 Kg8 82. h5 Kh8 83. Kh6 Kg8 84. Nd6 Kh8 85. Kg6 Kg8 86. h6 Kh8 87. Nf7+ Kg8 88. h7+ Kf8 89. h8Q+ Ke7 90. Qf6+ Ke8 91. Qc6+ Kf8 92. Ne5 Ke7 93. Qd7+ Kf8 94. Qf7# 1-0

[Event "ESP-ch U14 rapid"]
[Site "Salobrena"]
[Date "2024.07.20"]
[Round "3"]
[White "Fernandez Jimenez, Alejandro"]
[Black "Garcia Amelibia, Emilio"]
[Result "0-1"]
[WhiteElo "1524"]
[BlackElo "1782"]
[PlyCount "78"]
[EventDate "2024.07.20"]
[EventType "swiss (rapid)"]
[EventRounds "9"]
[EventCountry "ESP"]
[SourceTitle "CBM 221 Extra"]
[Source "ChessBase"]
[SourceDate "2024.09.30"]
[SourceVersion "1"]
[SourceVersionDate "2024.09.30"]
[SourceQuality "1"]

1. Nf3 d5 2. d4 e6 3. e3 Nf6 4. c4 Be7 5. Nc3 0-0 6. Bd3 Nbd7 7. 0-0 b6 8. cxd5 exd5 9. Re1 Bb7 10. Qc2 c5 11. Bf5 g6 12. Bxd7 Qxd7 13. Ne5 Qe6 14. Bd2 Ne4 15. Nxe4 dxe4 16. h3 Rac8 17. Qd1 h5 18. f3 exf3 19. Nxf3 Bf6 20. Bc3 Rfd8 21. Qe2 cxd4 22. Bxd4 Bxd4 23. Nxd4 Qe4 24. Qf3 Qe7 25. Qe2 Re8 26. Qf2 Rcd8 27. Rad1 Qe4 28. Qf3 Rxd4 29. exd4 Qxe1+ 30. Rxe1 Rxe1+ 31. Kf2 Bxf3 32. Kxe1 Bxg2 33. h4 Bd5 34. a3 Kg7 35. Kd2 Kf6 36. Kc3 Ke6 37. Kb4 f5 38. Kb5 Bb7 39. Kc4 f4 0-1

[Event "ESP-ch U14"]
[Site "Salobrena"]
[Date "2024.07.19"]
[Round "7"]
[White "Kowalski Rubiales, Nicholas"]
[Black "Garcia Amelibia, Emilio"]
[Result "1/2-1/2"]
[WhiteElo "1882"]
[BlackElo "1969"]
[PlyCount "97"]
[EventDate "2024.07.15"]
[EventType "swiss"]
[EventRounds "9"]
[EventCountry "ESP"]
[SourceTitle "EXT 2025"]
[Source "ChessBase"]
[SourceDate "2024.10.14"]
[SourceVersion "1"]
[SourceVersionDate "2024.10.14"]
[SourceQuality "1"]

1. Nf3 Nf6 2. g3 d5 3. Bg2 e6 4. 0-0 c5 5. d4 Nc6 6. c4 dxc4 7. Ne5 Nxe5 8. dxe5 Qxd1 9. Rxd1 Nd7 10. f4 f6 11. exf6 gxf6 12. Na3 c3 13. bxc3 Rb8 14. Rb1 a6 15. c4 Be7 16. Bd2 Bd8 17. Bc3 Ke7 18. e3 Bc7 19. Ba1 b6 20. Bc6 Rd8 21. Rd2 Bb7 22. Ba4 Nf8 23. Rbd1 Rxd2 24. Rxd2 Rd8 25. Rxd8 Bxd8 26. Bc2 Bc6 27. Bd3 Kd6 28. Kf2 Be8 29. Nb1 Bg6 30. Ke2 Bxd3+ 31. Kxd3 b5 32. Nc3 Kc6 33. Ne4 Nd7 34. Nd2 Ba5 35. Ne4 Bd8 36. Nd2 Bc7 37. h3 Bd8 38. g4 e5 39. f5 Nb6 40. e4 Be7 41. h4 Nd7 42. Nf3 Kd6 43. Nd2 Nb6 44. Bc3 h6 45. Ba5 Na4 46. Bc3 Nb6 47. Ba5 Na4 48. Bc3 Nb6 49. Ba5 1/2-1/2

[Event "ESP-ch U14"]
[Site "Salobrena"]
[Date "2024.07.17"]
[Round "5"]
[White "Clemente Grande, Daniel"]
[Black "Garcia Amelibia, Emilio"]
[Result "0-1"]
[WhiteElo "1880"]
[BlackElo "1969"]
[PlyCount "218"]
[EventDate "2024.07.15"]
[EventType "swiss"]
[EventRounds "9"]
[EventCountry "ESP"]
[SourceTitle "EXT 2025"]
[Source "ChessBase"]
[SourceDate "2024.10.14"]
[SourceVersion "1"]
[SourceVersionDate "2024.10.14"]
[SourceQuality "1"]

1. d4 d5 2. c4 e6 3. Nc3 Nf6 4. Bg5 Be7 5. Nf3 h6 6. Bh4 b6 7. e3 Bb7 8. Rc1 0-0 9. Bxf6 Bxf6 10. cxd5 exd5 11. b4 Qd6 12. b5 c5 13. bxc6 Nxc6 14. Bd3 Nb4 15. Be2 Rac8 16. 0-0 Nc6 17. Bd3 Rfd8 18. Qe2 Nb4 19. Nb5 Qb8 20. Bf5 Rxc1 21. Rxc1 g6 22. Bh3 a6 23. Nc3 Qd6 24. Qd2 Bg7 25. Na4 a5 26. a3 Nc6 27. Qb2 Rb8 28. Qc3 Na7 29. Qb3 Ba6 30. Nd2 Nb5 31. Nc3 Nxc3 32. Qxc3 Bf8 33. a4 Qb4 34. Qxb4 Bxb4 35. Nf3 b5 36. Bd7 Ba3 37. Rb1 b4 38. Ne5 Rd8 39. Bc6 f6 40. Nd7 Bd3 41. Rd1 Bc2 42. Ra1 Rxd7 43. Bxd7 b3 44. Be6+ Kf8 45. Bxd5 b2 46. Rf1 b1Q 47. Rxb1 Bxb1 48. f3 Ke7 49. Kf2 Bc2 50. Bc6 Kd6 51. Bb5 Bf5 52. Bc4 Be6 53. Bd3 Bb3 54. Bb5 Kd5 55. Kg3 Bc1 56. Kf2 g5 57. g4 Ba3 58. Kg2 Bd6 59. h3 Bc4 60. Be8 Bd3 61. Bf7+ Kc6 62. Be8+ Kb6 63. Kf2 Bb4 64. Bd7 Kc7 65. Be8 Kd6 66. Bf7 Bd2 67. Be8 Bc4 68. Bg6 Bc3 69. Be8 Ke7 70. Bc6 Bd2 71. Be4 Kd6 72. Bg6 Be6 73. Bc2 Bd7 74. Bb3 Bc6 75. Bc2 Bd5 76. Bd1 Ba2 77. Bc2 Kd5 78. Bd3 Bc3 79. Bg6 Kd6 80. Be8 Be6 81. Bg6 Kd5 82. Bb1 Bd7 83. Ba2+ Kd6 84. Bb3 Be6 85. Bc2 Bf7 86. Bd1 Ba2 87. Bc2 Kd5 88. Bd3 Bxd4 89. exd4 Kxd4 90. Bb5 Bb3 91. Kg3 Ke3 92. Bc6 Bd1 93. Kg2 Be2 94. Bb7 Bc4 95. Kg3 Be6 96. Bc6 Bb3 97. Kg2 Kd4 98. Kg3 Bd5 99. Bb5 Ke3 100. Bd7 Bxf3 101. h4 h5 102. hxg5 fxg5 103. gxh5 Bxh5 104. Bb5 Bd1 105. Bd7 Kd4 106. Be8 Kc5 107. Bd7 Kb4 108. Be8 Bxa4 109. Bg6 Bd7 0-1

[Event "ESP-ch U14"]
[Site "Salobrena"]
[Date "2024.07.15"]
[Round "1"]
[White "Bravo Freire, Aitor"]
[Black "Garcia Amelibia, Emilio"]
[Result "0-1"]
[WhiteElo "1707"]
[BlackElo "1969"]
[PlyCount "111"]
[EventDate "2024.07.15"]
[EventType "swiss"]
[EventRounds "9"]
[EventCountry "ESP"]
[SourceTitle "EXT 2025"]
[Source "ChessBase"]
[SourceDate "2024.10.14"]
[SourceVersion "1"]
[SourceVersionDate "2024.10.14"]
[SourceQuality "1"]

1. e4 c5 2. Nc3 Nc6 3. g3 g6 4. Bg2 Bg7 5. d3 Nf6 6. Nge2 0-0 7. 0-0 d6 8. h3 Bd7 9. Be3 Rb8 10. a4 a6 11. Qd2 Qc8 12. Kh2 b5 13. axb5 axb5 14. Bh6 e6 15. Bxg7 Kxg7 16. f4 b4 17. Nd1 Ng8 18. Ne3 Nge7 19. d4 Qc7 20. Rfd1 Rfd8 21. c3 Bc8 22. cxb4 cxb4 23. Rdc1 d5 24. e5 Qb6 25. Qd3 Na5 26. Rc5 Ba6 27. Qc2 Nec6 28. Rxc6 Nxc6 29. Bf1 Bxe2 30. Qxe2 Nxd4 31. Qd3 Nf5 32. Nxf5+ exf5 33. Ra6 Qf2+ 34. Bg2 Rbc8 35. Rd6 Rc1 36. h4 Rdc8 37. Qxd5 Qc5 38. Qb3 Re1 39. Rd7 Rf8 40. e6 Qg1+ 41. Kh3 Re3 42. Rd3 Rxe6 43. Qxb4 Rc8 44. Rc3 Rd8 45. Rb3 Re2 46. Qc3+ Kh6 47. Qf3 Rdd2 48. g4 fxg4+ 49. Qxg4 Qxg2+ 50. Qxg2 Rxg2 51. Rb7 Rxb2 52. Rxf7 Rgc2 53. h5 Rh2+ 54. Kg4 Rxh5 55. Kf3 Rf5 56. Ke4 0-1

[Event "ESP-ch U14 rapid"]
[Site "Salobrena"]
[Date "2023.07.23"]
[Round "8"]
[White "Garcia Amelibia, Emilio"]
[Black "Revuelta Blanco, Daniel"]
[Result "1-0"]
[WhiteElo "1542"]
[BlackElo "1408"]
[PlyCount "83"]
[EventDate "2023.07.22"]
[EventType "swiss (rapid)"]
[EventRounds "9"]
[EventCountry "ESP"]
[SourceTitle "EXT 2024"]
[Source "ChessBase"]
[SourceDate "2023.10.10"]
[SourceVersion "1"]
[SourceVersionDate "2023.10.10"]
[SourceQuality "1"]

1. e4 e6 2. d4 d5 3. Nd2 dxe4 4. Nxe4 Nd7 5. Nf3 Ngf6 6. Bd3 Be7 7. 0-0 0-0 8. c3 b6 9. Bg5 Bb7 10. Qc2 h6 11. Bxf6 Nxf6 12. Rfe1 Re8 13. Ne5 Nd7 14. Rad1 Nxe5 15. dxe5 Qc8 16. Qe2 c5 17. Qg4 Kh8 18. Re3 Qc7 19. Ng3 Rad8 20. Ree1 Bf8 21. Be4 Rxd1 22. Rxd1 Bxe4 23. Qxe4 Rd8 24. Rxd8 Qxd8 25. Qe2 Qd5 26. b3 a5 27. h3 Qd7 28. Ne4 Qc6 29. Nd2 b5 30. c4 b4 31. Qd3 Qc7 32. f4 g6 33. Ne4 Be7 34. Nd6 Kg7 35. Ne8+ Kf8 36. Nxc7 g5 37. Qd7 gxf4 38. Qe8+ Kg7 39. Qxe7 h5 40. Nxe6+ Kh8 41. Qxf7 f3 42. Qg7# 1-0

[Event "ESP-ch U14 rapid"]
[Site "Salobrena"]
[Date "2023.07.23"]
[Round "6"]
[White "Garcia Amelibia, Emilio"]
[Black "Salinas Tomas, Daniel"]
[Result "0-1"]
[WhiteElo "1542"]
[BlackElo "2096"]
[PlyCount "80"]
[EventDate "2023.07.22"]
[EventType "swiss (rapid)"]
[EventRounds "9"]
[EventCountry "ESP"]
[SourceTitle "EXT 2024"]
[Source "ChessBase"]
[SourceDate "2023.10.10"]
[SourceVersion "1"]
[SourceVersionDate "2023.10.10"]
[SourceQuality "1"]

1. e4 c5 2. Nf3 e6 3. g3 Nc6 4. Bg2 Nf6 5. Nc3 d5 6. exd5 exd5 7. d4 Bg4 8. Be3 Be7 9. 0-0 0-0 10. h3 Bxf3 11. Bxf3 c4 12. Ne2 b5 13. c3 a5 14. a4 b4 15. Qc2 Qd7 16. Bg2 Rab8 17. Nf4 h6 18. Kh2 Rfd8 19. Rfe1 Bf8 20. Reb1 Rb7 21. b3 cxb3 22. Rxb3 bxc3 23. Rxc3 Nb4 24. Qe2 Ne4 25. Bxe4 dxe4 26. Qc4 Bd6 27. Ne2 Nd5 28. Rb3 Bb4 29. Nf4 Nxe3 30. fxe3 Rc7 31. Qe2 Rdc8 32. Ra2 Rc1 33. Rbb2 g5 34. Ng2 Rh1+ 35. Kxh1 Qxh3+ 36. Kg1 Rc1+ 37. Kf2 Qh1 38. g4 Qg1+ 39. Kg3 Bd6+ 40. Kh3 Qh1# 0-1

[Event "ESP-ch U14"]
[Site "Salobrena"]
[Date "2023.07.20"]
[Round "6"]
[White "Jaime Galeano, Alcher"]
[Black "Garcia Amelibia, Emilio"]
[Result "1/2-1/2"]
[WhiteElo "1692"]
[BlackElo "1805"]
[PlyCount "93"]
[EventDate "2023.07.17"]
[EventType "swiss"]
[EventRounds "9"]
[EventCountry "ESP"]
[SourceTitle "EXT 2024"]
[Source "ChessBase"]
[SourceDate "2023.10.10"]
[SourceVersion "1"]
[SourceVersionDate "2023.10.10"]
[SourceQuality "1"]

1. e4 c5 2. Nf3 Nc6 3. d4 cxd4 4. Nxd4 g6 5. c4 Bg7 6. Be3 Nf6 7. Nc3 0-0 8. Be2 d6 9. 0-0 Bd7 10. h3 Nxd4 11. Bxd4 Bc6 12. Qc2 Nd7 13. Bxg7 Kxg7 14. Rad1 a5 15. Bg4 a4 16. Bxd7 Bxd7 17. e5 dxe5 18. Qe4 Qe8 19. Qxe5+ f6 20. Qc7 Bc6 21. Rfe1 Rf7 22. Nd5 Bxd5 23. Rxd5 e5 24. Qb6 Rc8 25. b3 axb3 26. axb3 Rc6 27. Qb5 Re6 28. Qb4 Qe7 29. Qd2 Rb6 30. Rb1 Qc7 31. c5 Rb5 32. b4 b6 33. Qd3 Qc6 34. Rd6 e4 35. Qc4 Qe8 36. Re6 Qd7 37. c6 Qd5 38. Qxd5 Rxd5 39. Rxe4 b5 40. Rbe1 Rd6 41. Re6 Rd4 42. Rc1 Rc7 43. Rc5 Kf7 44. Re3 Rxb4 45. Rd5 Rc4 46. Rxb5 R4xc6 47. Reb3 1/2-1/2

[Event "ESP-ch U12 rapid"]
[Site "Salobrena"]
[Date "2023.07.16"]
[Round "7"]
[White "Garcia Amelibia, Emilio"]
[Black "Burriel Ureta, Raul"]
[Result "0-1"]
[WhiteElo "1542"]
[BlackElo "1409"]
[PlyCount "134"]
[EventDate "2023.07.15"]
[EventType "swiss (rapid)"]
[EventRounds "9"]
[EventCountry "ESP"]
[SourceTitle "EXT 2024"]
[Source "ChessBase"]
[SourceDate "2023.10.10"]
[SourceVersion "1"]
[SourceVersionDate "2023.10.10"]
[SourceQuality "1"]

1. e4 e5 2. Nf3 Nf6 3. Nc3 Nc6 4. d4 exd4 5. Nxd4 Bb4 6. Nxc6 bxc6 7. Bd3 Qe7 8. 0-0 0-0 9. Re1 d6 10. a3 Bc5 11. Bg5 h6 12. Bh4 Qe5 13. Bg3 Qg5 14. Qc1 Qh5 15. Qf4 Ng4 16. h3 Ne5 17. Be2 Qg6 18. Rad1 Be6 19. Na4 Nd7 20. Nxc5 Nxc5 21. Bf3 Rab8 22. b3 Nd7 23. Qd2 Ne5 24. Bxe5 dxe5 25. Kh1 Qf6 26. Qc3 Rb6 27. a4 c5 28. Re3 c4 29. b4 Rd6 30. Rxd6 cxd6 31. Kg1 Qg6 32. Be2 Qg5 33. b5 d5 34. exd5 Bxd5 35. Bf3 Bxf3 36. Rxf3 Rc8 37. Re3 f6 38. Re4 Rd8 39. Qxc4+ Kh8 40. g3 Qc1+ 41. Kg2 Rd1 42. Rg4 Rg1+ 43. Kf3 Qd1+ 44. Qe2 Qd5+ 45. Qe4 Qd1+ 46. Qe2 f5 47. Rc4 e4+ 48. Ke3 Re1 49. Qxe1 Qxe1+ 50. Kf4 Qxf2+ 51. Ke5 Qxg3+ 52. Kxf5 Qf3+ 53. Ke5 e3 54. Re4 e2 55. c4 Qg3+ 56. Kd5 e1Q 57. Rxe1 Qxe1 58. c5 Kg8 59. c6 Kf8 60. Kd6 Ke8 61. Kc7 Qa5+ 62. Kb8 Qb6+ 63. Ka8 Kd8 64. a5 Qxb5 65. Kxa7 Qxc6 66. h4 Kc7 67. h5 Qb7# 0-1

[Event "ESP-ch U12 Rapid"]
[Site "Salobrena"]
[Date "2022.07.17"]
[Round "6"]
[White "Sala Martin, Guillem"]
[Black "Garcia Amelibia, Emilio"]
[Result "1-0"]
[WhiteElo "1290"]
[BlackElo "1430"]
[PlyCount "159"]
[EventDate "2022.07.09"]
[EventType "swiss (rapid)"]
[EventRounds "9"]
[EventCountry "ESP"]
[SourceTitle "EXT 2023"]
[Source "ChessBase"]
[SourceDate "2022.10.05"]
[SourceVersion "1"]
[SourceVersionDate "2022.10.05"]
[SourceQuality "1"]

1. c4 e5 2. g3 Nc6 3. Bg2 f5 4. Nc3 Nf6 5. d3 Bb4 6. Nf3 Bxc3+ 7. bxc3 d6 8. 0-0 0-0 9. Bg5 h6 10. Bxf6 Qxf6 11. Qd2 g5 12. h4 g4 13. Nh2 Kh7 14. f4 exf4 15. Qxf4 Bd7 16. Nxg4 Qg6 17. Ne3 Rae8 18. Rae1 Ne5 19. Nd5 c6 20. Ne3 Kh8 21. d4 Ng4 22. Nxg4 Qxg4 23. Qxg4 fxg4 24. Rxf8+ Rxf8 25. e4 Be6 26. d5 cxd5 27. cxd5 Bf7 28. e5 dxe5 29. Rxe5 Rd8 30. Re7 Bxd5 31. Bxd5 Rxd5 32. Rxb7 Ra5 33. Rb2 Ra3 34. Rc2 Kg7 35. Kf2 Kf6 36. Ke3 Ke5 37. Kd3 Kd5 38. Rf2 Ke5 39. Rf4 h5 40. Rf2 Ra6 41. Re2+ Kd5 42. c4+ Kc5 43. Re5+ Kb4 44. Rb5+ Ka3 45. Kd4 Kxa2 46. c5 Ka3 47. Kd5 Ka4 48. Rb8 Rf6 49. c6 Rf1 50. c7 Rd1+ 51. Ke4 Re1+ 52. Kd3 Rc1 53. c8Q Rxc8 54. Rxc8 a5 55. Ra8 Kb4 56. Ke4 a4 57. Rxa4+ Kxa4 58. Kf5 Kb5 59. Kg5 Kc6 60. Kxh5 Kd6 61. Kg6 Ke7 62. Kg7 Ke6 63. h5 Kf5 64. h6 Ke4 65. h7 Kf3 66. h8Q Kxg3 67. Qh1 Kf2 68. Qh2+ Kf3 69. Qg1 g3 70. Kg6 g2 71. Kg5 Kg3 72. Qe1+ Kh2 73. Qh4+ Kg1 74. Qg3 Kf1 75. Qf3+ Kg1 76. Kg4 Kh1 77. Qh3+ Kg1 78. Kf3 Kf1 79. Qxg2+ Ke1 80. Qe2# 1-0

[Event "ESP-ch U12 Rapid"]
[Site "Salobrena"]
[Date "2022.07.16"]
[Round "3"]
[White "Garcia Amelibia, Emilio"]
[Black "Jimenez Freniche, David"]
[Result "1/2-1/2"]
[WhiteElo "1430"]
[BlackElo "1298"]
[PlyCount "64"]
[EventDate "2022.07.09"]
[EventType "swiss (rapid)"]
[EventRounds "9"]
[EventCountry "ESP"]
[SourceTitle "EXT 2023"]
[Source "ChessBase"]
[SourceDate "2022.10.05"]
[SourceVersion "1"]
[SourceVersionDate "2022.10.05"]
[SourceQuality "1"]

1. e4 e6 2. d3 d5 3. Nd2 c5 4. g3 Nc6 5. Bg2 Nge7 6. Ngf3 g6 7. 0-0 Bg7 8. Re1 b6 9. Nf1 a5 10. h4 Ba6 11. N1h2 h6 12. e5 Qc7 13. Bf4 0-0-0 14. a3 Rde8 15. c3 g5 16. hxg5 hxg5 17. Nxg5 Bxe5 18. Nxf7 Bxf4 19. Nxh8 Rxh8 20. gxf4 Qxf4 21. Nf3 e5 22. Qd2 Qxd2 23. Nxd2 Bxd3 24. Rad1 Rg8 25. f3 Nf5 26. Kf2 Kc7 27. Nf1 Bxf1 28. Bxf1 Kd6 29. Bb5 d4 30. cxd4 exd4 31. Bc4 Rh8 32. Re6+ Kc7 1/2-1/2

[Event "ESP-ch U12 Rapid"]
[Site "Salobrena"]
[Date "2022.07.16"]
[Round "2"]
[White "Sanchez Villodres, Mario"]
[Black "Garcia Amelibia, Emilio"]
[Result "0-1"]
[WhiteElo "1281"]
[BlackElo "1430"]
[PlyCount "86"]
[EventDate "2022.07.09"]
[EventType "swiss (rapid)"]
[EventRounds "9"]
[EventCountry "ESP"]
[SourceTitle "EXT 2023"]
[Source "ChessBase"]
[SourceDate "2022.10.05"]
[SourceVersion "1"]
[SourceVersionDate "2022.10.05"]
[SourceQuality "1"]

1. d4 d5 2. c4 e6 3. Nc3 Nf6 4. Bg5 Be7 5. e3 Nbd7 6. Nf3 h6 7. Bh4 0-0 8. cxd5 Nxd5 9. Bxe7 Nxe7 10. Bd3 c5 11. 0-0 b6 12. dxc5 Nxc5 13. Be2 Bb7 14. Qc2 Nd5 15. Rfd1 Qe7 16. Nxd5 Bxd5 17. h3 Rac8 18. Qd2 Rfd8 19. Qe1 Qf6 20. b3 Ne4 21. Rdc1 Qb2 22. Ba6 Rxc1 23. Rxc1 Qxa2 24. Bc4 Bxc4 25. bxc4 Rc8 26. Qf1 a5 27. Nd4 Rd8 28. Ra1 Qd2 29. Rd1 Qc3 30. Rc1 Qa3 31. Ra1 Qc5 32. Rd1 Rc8 33. Qd3 Nf6 34. Rc1 Rd8 35. Qe2 Nd7 36. Nb5 Ne5 37. f4 Nxc4 38. Nd4 b5 39. g4 Qa3 40. Re1 Nxe3 41. Nxb5 Qc5 42. Qxe3 Qxb5 43. Kh1 Rd3 0-1

[Event "ESP-ch U12"]
[Site "Salobrena"]
[Date "2022.07.15"]
[Round "7"]
[White "Garcia Amelibia, Emilio"]
[Black "San Vicente Crespo, Pablo"]
[Result "1-0"]
[WhiteElo "1578"]
[BlackElo "1566"]
[PlyCount "47"]
[EventDate "2022.07.04"]
[EventType "swiss"]
[EventRounds "9"]
[EventCountry "ESP"]
[SourceTitle "EXT 2023"]
[Source "ChessBase"]
[SourceDate "2022.10.05"]
[SourceVersion "1"]
[SourceVersionDate "2022.10.05"]
[SourceQuality "1"]

1. e4 c5 2. Nf3 Nc6 3. d4 cxd4 4. Nxd4 Nf6 5. Nc3 e5 6. Ndb5 d6 7. Nd5 Nxd5 8. exd5 Nb8 9. Qf3 Nd7 10. Qc3 Nc5 11. Be3 a6 12. Bxc5 dxc5 13. Qxe5+ Be6 14. Nc7+ Kd7 15. dxe6+ Ke7 16. exf7+ Kd7 17. Rd1+ Kc6 18. Rxd8 Rxd8 19. Ne6 Rd6 20. Nxf8 Rxf8 21. Qe8+ Kb6 22. Qxf8 g5 23. Qxd6+ Ka7 24. f8Q 1-0

[Event "ESP-ch U12"]
[Site "Salobrena"]
[Date "2022.07.13"]
[Round "4"]
[White "De Francisco Gracia, Diego"]
[Black "Garcia Amelibia, Emilio"]
[Result "0-1"]
[WhiteElo "1302"]
[BlackElo "1578"]
[PlyCount "100"]
[EventDate "2022.07.04"]
[EventType "swiss"]
[EventRounds "9"]
[EventCountry "ESP"]
[SourceTitle "EXT 2023"]
[Source "ChessBase"]
[SourceDate "2022.10.05"]
[SourceVersion "1"]
[SourceVersionDate "2022.10.05"]
[SourceQuality "1"]

1. e4 c5 2. c3 d5 3. exd5 Qxd5 4. d4 Nc6 5. Bb5 Qxg2 6. Qf3 Qxf3 7. Nxf3 cxd4 8. Nxd4 Bd7 9. Nxc6 Bxc6 10. Bxc6+ bxc6 11. Be3 Nf6 12. Nd2 Nd5 13. Bd4 f6 14. Nb3 e5 15. Be3 Nxe3 16. fxe3 Bd6 17. 0-0-0 0-0-0 18. Rhg1 g6 19. e4 Kc7 20. Rd3 Be7 21. Rxd8 Rxd8 22. Kc2 Rd7 23. Rf1 Kd8 24. Na5 Rc7 25. Rf3 Ke8 26. Nc4 Kf7 27. b4 Ke6 28. Ne3 Bd6 29. Nc4 Rf7 30. Rd3 Bc7 31. a4 f5 32. exf5+ gxf5 33. b5 e4 34. Rh3 cxb5 35. axb5 f4 36. Rh5 f3 37. Ne3 Bb6 38. Nf1 e3 39. Ng3 f2 40. Rh6+ Ke7 41. Kd3 f1Q+ 42. Nxf1 Rxf1 43. Rxh7+ Kf6 44. c4 Rd1+ 45. Ke2 Rd2+ 46. Ke1 Ra2 47. Rh6+ Ke5 48. Rh5+ Ke4 49. Rh4+ Kd3 50. Kf1 e2+ 0-1

[Event "ESP-ch U12"]
[Site "Salobrena"]
[Date "2022.07.12"]
[Round "3"]
[White "Garcia Amelibia, Emilio"]
[Black "Villa Tornero, Alex"]
[Result "0-1"]
[WhiteElo "1578"]
[BlackElo "2106"]
[PlyCount "86"]
[EventDate "2022.07.04"]
[EventType "swiss"]
[EventRounds "9"]
[EventCountry "ESP"]
[SourceTitle "EXT 2023"]
[Source "ChessBase"]
[SourceDate "2022.10.05"]
[SourceVersion "1"]
[SourceVersionDate "2022.10.05"]
[SourceQuality "1"]

1. d4 d5 2. Bf4 Nf6 3. e3 e6 4. Nf3 c5 5. c3 Bd6 6. Bg3 Qc7 7. Bd3 Nbd7 8. Nbd2 0-0 9. 0-0 e5 10. dxe5 Nxe5 11. Nxe5 Bxe5 12. Bxe5 Qxe5 13. Nf3 Qc7 14. h3 b6 15. Re1 Bb7 16. Qc2 Rad8 17. Rad1 Rfe8 18. a4 h6 19. Rc1 d4 20. e4 Qf4 21. cxd4 Nxe4 22. dxc5 Nxc5 23. Be2 Nxa4 24. Rcd1 Nc5 25. Nd2 Qg5 26. Nf3 Qf4 27. Rxd8 Rxd8 28. Rd1 Re8 29. Bb5 Rc8 30. Be2 Ne6 31. Qb3 Nc5 32. Qc3 Re8 33. Bb5 Bxf3 34. gxf3 Re6 35. Kh1 Qh4 36. Kg2 Rg6+ 37. Kf1 Qxh3+ 38. Ke2 Re6+ 39. Kd2 Qh4 40. Rf1 a6 41. Bc4 Qf4+ 42. Kc2 Rc6 43. Rg1 Ne6 0-1

[Event "ESP-ch U12"]
[Site "Salobrena"]
[Date "2022.07.11"]
[Round "1"]
[White "Garcia Amelibia, Emilio"]
[Black "Aparicio Marques, Guzman"]
[Result "1-0"]
[WhiteElo "1578"]
[BlackElo "1171"]
[PlyCount "77"]
[EventDate "2022.07.04"]
[EventType "swiss"]
[EventRounds "9"]
[EventCountry "ESP"]
[SourceTitle "EXT 2023"]
[Source "ChessBase"]
[SourceDate "2022.10.05"]
[SourceVersion "1"]
[SourceVersionDate "2022.10.05"]
[SourceQuality "1"]

1. e4 c5 2. Nf3 Nc6 3. Bb5 g6 4. Bxc6 dxc6 5. 0-0 Bg7 6. h3 e5 7. d3 Qe7 8. Re1 Nf6 9. Be3 Nd7 10. Bg5 f6 11. Bh4 Nf8 12. c3 Qd6 13. Bg3 Ne6 14. Na3 Qd7 15. Qc2 b5 16. Rad1 0-0 17. Qd2 Rd8 18. Qe3 h5 19. Nc2 Kh7 20. d4 cxd4 21. cxd4 Bh6 22. Qe2 exd4 23. Ncxd4 Qe8 24. e5 f5 25. Bh4 Nxd4 26. Nxd4 g5 27. Bg3 f4 28. Bh2 Bg7 29. h4 Bh6 30. hxg5 Bxg5 31. Bxf4 Bxf4 32. Qe4+ Kg7 33. Qxf4 Rd5 34. Rd3 Qd7 35. Rg3+ Kh7 36. Qe4+ Kh8 37. Qg6 Bb7 38. Qf6+ Kh7 39. Nf5 1-0

[Event "ESP-ch U12"]
[Site "Salobrena"]
[Date "2021.07.09"]
[Round "8"]
[White "Condines Zungri, Mauro"]
[Black "Garcia Amelibia, Emilio"]
[Result "0-1"]
[WhiteElo "1048"]
[BlackElo "1383"]
[PlyCount "118"]
[EventDate "2021.07.05"]
[EventType "swiss"]
[EventRounds "9"]
[EventCountry "ESP"]
[SourceTitle "EXT 2022"]
[Source "ChessBase"]
[SourceDate "2021.10.06"]
[SourceVersion "1"]
[SourceVersionDate "2021.10.06"]
[SourceQuality "1"]

1. e4 c5 2. Nf3 e6 3. d4 cxd4 4. Nxd4 a6 5. Nc3 Qc7 6. Be2 b5 7. a3 Bb7 8. 0-0 Nf6 9. Bf3 Be7 10. Re1 d6 11. Bg5 0-0 12. Bg4 Nxg4 13. Qxg4 Bxg5 14. Qxg5 Nd7 15. Re3 h6 16. Qh4 Ne5 17. Rg3 Ng6 18. Qg4 Bc8 19. Rc1 Qe7 20. Nce2 Qf6 21. Rf3 Ne5 22. Rxf6 Nxg4 23. Rf3 Bb7 24. Nc3 Nf6 25. Re3 Rac8 26. Rd1 Rfd8 27. h3 Nd7 28. f4 Nb6 29. b3 e5 30. fxe5 Rxc3 31. Rxc3 dxe5 32. Re3 Rxd4 33. Rxd4 exd4 34. Re2 Kf8 35. Kf2 Ke7 36. Kf3 f5 37. Rd2 Bxe4+ 38. Kf2 Ke6 39. Rxd4 Bxc2 40. b4 Nc4 41. Rd8 Be4 42. Rg8 Kf6 43. Rb8 Kf7 44. Kg3 Nxa3 45. Rb6 Nc2 46. Rxa6 Nxb4 47. Ra7+ Kg8 48. Kh4 Bxg2 49. Kh5 Be4 50. Rc7 Nd5 51. Rc5 Nf6+ 52. Kh4 f4 53. Rxb5 g5+ 54. Rxg5+ hxg5+ 55. Kxg5 f3 56. h4 f2 57. h5 f1Q 58. h6 Qf5+ 59. Kh4 Qg4# 0-1

[Event "ESP-ch U12"]
[Site "Salobrena"]
[Date "2021.07.06"]
[Round "3"]
[White "Nieto Duque, Sergio Aday"]
[Black "Garcia Amelibia, Emilio"]
[Result "0-1"]
[WhiteElo "1154"]
[BlackElo "1383"]
[PlyCount "100"]
[EventDate "2021.07.05"]
[EventType "swiss"]
[EventRounds "9"]
[EventCountry "ESP"]
[SourceTitle "EXT 2022"]
[Source "ChessBase"]
[SourceDate "2021.10.06"]
[SourceVersion "1"]
[SourceVersionDate "2021.10.06"]
[SourceQuality "1"]

1. d4 d5 2. Bf4 e6 3. e3 Bd6 4. Bg3 Nf6 5. Nf3 c5 6. c3 0-0 7. Bd3 Qc7 8. Nbd2 Nbd7 9. Rc1 c4 10. Be2 b5 11. b3 Bb7 12. bxc4 bxc4 13. Rb1 Rfb8 14. Qc2 a5 15. Rb2 a4 16. Qb1 a3 17. Bxd6 Qxd6 18. Rxb7 Qc6 19. Rxb8+ Rxb8 20. Qc2 Rb2 21. Qc1 Rxa2 22. 0-0 Qa4 23. Bd1 Qa5 24. Ne5 Nxe5 25. dxe5 Nd7 26. Nf3 h6 27. Bc2 Nc5 28. Nd4 Rb2 29. Qd1 Qxc3 30. Qe1 Rxc2 31. Nxc2 Qxc2 32. Qb4 Nd3 33. Qxa3 Nxe5 34. Qb4 Nd3 35. Qb5 Kh7 36. Qb1 Qd2 37. Qd1 Qb2 38. Qb1 Qd2 39. Qd1 Qb2 40. f4 Qa2 41. Qa1 Qe2 42. f5 Qxe3+ 43. Kh1 Nf2+ 44. Rxf2 Qxf2 45. fxe6 fxe6 46. Qb1+ Qf5 47. Qb6 Qf1+ 48. Qg1 Qxg1+ 49. Kxg1 c3 50. Kf1 c2 0-1